Administración de recursos humanos: el capital humano de las organizaciones

Saved in:
Bibliografiske detaljer
Hovedforfatter: Chiavenato, Idalberto (autor)
Format: Bog
Sprog:spansk
Udgivet: Ciudad de México, México McGraw-Hill 2007
Udgivelse:Octava edición
Fag:
Online adgang:Disponible Online
Tags: Tilføj Tag
Ingen Tags, Vær først til at tagge denne postø!

MARC

LEADER 00000nam a2200000 a 4500
001 UCI2356
003 CL-VaPUC
005 20241121094209.0
008 070817e20070000MX |||||||||||||||||spa|d
999 |c 326959  |d 326957 
020 |a 9701061047 
040 |c Pontificia Universidad Católica de Valparaíso 
082 0 4 |a 658.3 CHI 2007  |2 21 
100 |a Chiavenato, Idalberto   |e autor  |9 88 
245 1 0 |a Administración de recursos humanos: el capital humano de las organizaciones 
250 |a Octava edición  
260 |a Ciudad de México, México   |b McGraw-Hill  |c 2007 
300 |a 500 páginas  
583 |a last modification  |c 20070817 00:00:00  |k Rodrigo Vera 
650 0 |a Gestión de recursos humanos   |2 CL-VaPUC  |9 879947 
650 0 |a Conducta colectiva  |9 892935  |x Organizaciones 
650 0 |a Selección de personal  |9 307100 
650 0 |a Trabajo  |9 893865  |x Análisis y descripción 
650 0 |a Salarios  |9 255321 
856 |u http://bibliografiadigital.pucv.cl.pucv.idm.oclc.org/index.php/bibliotecapucv/catalog/book/262  |y Disponible Online  
942 |c BK  |2 ddc 
945 |d 20070817 00:00:00  |a jtorresc 
952 |0 0  |1 0  |4 0  |6 658_300000000000000_CHI_2007  |7 0  |8 R  |9 409264  |a BIBENE  |b BIBENE  |d 2019-11-22  |i 4364929  |l 4  |o 658.3 CHI 2007  |p 4364929  |r 2025-04-14  |s 2025-04-09  |w 2019-11-22  |y BK_R  |k ICO 
952 |0 0  |1 0  |4 0  |6 658_300000000000000_CHI_2007  |7 0  |8 R  |9 409265  |a BIBEDU  |b BIBEDU  |c MCIRC  |d 2019-11-22  |i 4439805  |o 658.3 CHI 2007  |p 4439805  |r 2023-01-13  |w 2019-11-22  |y BK_R  |k PSI 
952 |0 0  |1 0  |4 0  |6 658_300000000000000_CHI_2007  |7 0  |8 R  |9 409266  |a BIBEDU  |b BIBEDU  |c MCIRC  |d 2019-11-22  |i 4439813  |o 658.3 CHI 2007  |p 4439813  |r 2023-01-13  |w 2019-11-22  |y BK_R  |k PSI 
952 |0 0  |1 0  |4 0  |6 658_300000000000000_CHI_2007  |7 0  |8 A  |9 409268  |a BIBING  |b BIBING  |d 2019-11-22  |i 4483413  |l 1  |m 1  |o 658.3 CHI 2007  |p 4483413  |r 2025-04-29  |s 2025-04-15  |w 2019-11-22  |y BK  |k CIC 
952 |0 0  |1 0  |4 0  |6 658_300000000000000_CHI_2007  |7 0  |8 C  |9 409273  |a BIBCUR  |b BIBCUR  |d 2019-11-22  |i 4673751  |o 658.3 CHI 2007  |p 4673751  |r 2025-04-22  |w 2019-11-22  |y BK  |k IDI